Rajasthan ka loksangeet (Record no. 85021)

MARC details
000 -LEADER
fixed length control field 00351nam a2200145Ia 4500
008 - FIXED-LENGTH DATA ELEMENTS--GENERAL INFORMATION
fixed length control field 230917s9999||||xx |||||||||||||| ||und||
040 ## - CATALOGING SOURCE
-- 151233
Original cataloging agency VIVEKANANDA LIBRARY
041 ## - Language
-- English
082 ## - DDC NUMBER
Classification number 784.49544 K529R
100 ## - MAIN ENTRY--PERSONAL NAME
Personal name Khurana, Shanno
245 #0 - TITLE STATEMENT
Title Rajasthan ka loksangeet
260 ## - PUBLICATION, DISTRIBUTION, ETC. (IMPRINT)
Place of publication, distribution, etc New Delhi
Name of publisher, distributor, etc Siddharth
Date of publication, distribution, etc 1995
300 ## - PHYSICAL DESCRIPTION
Pages 243p p.
942 ## - ADDED ENTRY ELEMENTS (KOHA)
Koha item type Books
Holdings
Withdrawn status Lost status Damaged status Not for loan Location (home branch) Sublocation or collection (holding branch) Date acquired Koha issues (times borrowed) Koha full call number Accession No. Koha date last seen Koha item type
        VIVEKANANDA LIBRARY VIVEKANANDA LIBRARY 06/04/2010   784.49544 K529R 163362 17/09/2023 Books
© Designed and Maintained by Vivekananda Library, MDU Rohtak